Logo BPK

Biblioteka

Politechniki Koszalińskiej

A window on literature : (Rekord nr 39647)

Szczegóły MARC
000 -ETYKIETA REKORDU
podpole kontrolne o stałej długości 00643nam a2200217 i 4500
001 - NUMER KONTROLNY REKORDU
pole kontrolne bg
020 ## - MIĘDZYNARODOWY ZNORMALIZOWANY NUMER KSIĄŻKI - ISBN
ISBN 052156770X
020 ## - MIĘDZYNARODOWY ZNORMALIZOWANY NUMER KSIĄŻKI - ISBN
ISBN 0521567696 (kaseta)
040 ## - ŹRÓDŁO KATALOGOWANIA
Instytucja, która utworzyła rekord BPK
041 0# - KOD JĘZYKA
Kod języka tekstu en
920 ## - Międzynarodowy znormalizowany numer książki – ISBN
ISBN 0-521-56770-X
920 ## - Międzynarodowy znormalizowany numer książki – ISBN
ISBN 0-521-56769-6 (kaseta)
008 - POLE O STAŁEJ DŁUGOŚCI - DANE KONTROLNE
podpole kontrolne o stałej długości s pl f |000 0 pol
100 1# - NAZWA OSOBOWA
Nazwa osobowa LAZAR, Gillian
245 10 - TYTUŁ/ODPOWIEDZIALNOŚĆ
Tytuł A window on literature :
Ciąg dalszy tytułu literary texts for early and mid-intermediate learners of English /
Pozostałe elementy strefy tytułu i oznaczenia odpowiedzialności Gillian Lazar.
260 ## - STREFA ADRESU WYDAWNICZEGO
Miejsce wydania Cambridge :
Nazwa wydawcy/dystrybutora Cambridge Univ.,
Data publikacji, dystrybucji/powstania dokumentu 1999.
300 ## - STREFA OPISU FIZYCZNEGO
Objętość VII, 88 s. :
Inne cechy fizyczne il. ;
Rozmiary 25 cm +
Dokument towarzyszący kaset dźw.
650 #9 - HASŁO PRZEDMIOTOWE W FORMIE NAZWY OGÓLNEJ LUB JEDNOSTKOWEJ
Nazwa ogólna lub geograficzna Język angielski
655 ## - TERMIN INDEKSOWY - OKREŚLENIE RODZAJU/FORMY DOKUMENTU
Określenie rodzaju/formy dokumentu Podręczniki
856 ## - LOKALIZACJA I DOSTĘP DO ELEKTRONICZNYCH DOKUMENTÓW ZDALNYCH
Link (URL) http://koha.tu.koszalin.pl/cgi-bin/koha/opac-detail.pl?biblionumber=39647
Tekst linku Katalog online BPK
942 ## - DODATKOWE ELEMENTY (KOHA)
Typ dokumentu Książka
Egzemplarze
Wycofany Status egzemplarza Uszkodzony Dostępność Lokalizacja stała Lokalizacja bieżąca Miejsce przechowywania Sygnatura Kod kreskowy Typ dokumentu
      Tylko na miejscu Biblioteka Politechniki Koszalińskiej Biblioteka Politechniki Koszalińskiej Czytelnia Wydziałowa ul. Kwiatkowskiego 6e 59201 01551020 Książka
      Tylko na miejscu Biblioteka Politechniki Koszalińskiej Biblioteka Politechniki Koszalińskiej Czytelnia Wydziałowa ul. Kwiatkowskiego 6e TM 1100 01583519 Kaseta magnetofonowa
© 2023 Biblioteka Politechniki Koszalińskiej :: KOHA